About your right to information (simplified) : (Record no. 35748)

MARC details
000 -LEADER
fixed length control field 01090nam a2200277 a 4500
005 - DATE AND TIME OF LATEST TRANSACTION
control field 20100506135223.0
008 - FIXED-LENGTH DATA ELEMENTS--GENERAL INFORMATION
fixed length control field 080216s2008 ii bl 000 0 eng
020 ## - INTERNATIONAL STANDARD BOOK NUMBER
International Standard Book Number 9878190367161
Terms of availability 180.00
037 ## - SOURCE OF ACQUISITION
Source of stock number/acquisition Bookwell Publications
040 ## - CATALOGING SOURCE
Original cataloging agency dpl
Language of cataloging Engish
100 ## - MAIN ENTRY--PERSONAL NAME
Personal name Nigam, Shalu
245 ## - TITLE STATEMENT
Title About your right to information (simplified) :
Remainder of title alongwith latest decisions by Central Information Commission /
Statement of responsibility, etc by Shalu Nigam.
246 ## - VARYING FORM OF TITLE
Title proper/short title About your right to information
250 ## - EDITION STATEMENT
Edition statement 2nd ed., rev. and updated
260 ## - PUBLICATION, DISTRIBUTION, ETC. (IMPRINT)
Place of publication, distribution, etc New Delhi
Name of publisher, distributor, etc We the People Trust
Date of publication, distribution, etc 2008.
270 ## - ADDRESS
Address PO Box 3123 Lodhi Road, HPO
City New Delhi
Postal code 110003
300 ## - PHYSICAL DESCRIPTION
Extent ix, 236 p. ;
Dimensions 23 cm(pbk)
490 ## - SERIES STATEMENT
Series statement Fight for your rights series
504 ## - BIBLIOGRAPHY, ETC. NOTE
Bibliography, etc Includes bibliographical references
610 ## - SUBJECT ADDED ENTRY--CORPORATE NAME
Corporate name or jurisdiction name as entry element India.
Title of a work Right to Information Act, 2005.
650 ## - SUBJECT ADDED ENTRY--TOPICAL TERM
Topical term or geographic name as entry element Freedom of information
Geographic subdivision India.
710 ## - ADDED ENTRY--CORPORATE NAME
Corporate name or jurisdiction name as entry element We the People Trust (New Delhi, India)
942 ## - ADDED ENTRY ELEMENTS (KOHA)
Source of classification or shelving scheme Dewey Decimal Classification
Item type English Books
Call number suffix NIG
Holdings
Withdrawn status Lost status Source of classification or shelving scheme Damaged status Not for loan Home library Current library Date acquired Cost, normal purchase price Total Checkouts Full call number Date last seen Cost, replacement price Koha item type
    Dewey Decimal Classification   Ordered Andrews Gunj Andrews Gunj 06/05/2010 180.00   NIG 06/05/2010 180.00 English Books

© Delhi Public Library
Hit Counter
free hit counter